LEADER 01193cas 2200385 4500 001 990000336510203316 005 20110127151855.0 011 $a0378-4363 035 $a0033651 035 $aUSA010033651 035 $a(ALEPH)000033651USA01 035 $a0033651 100 $a20010207d19751988km-y0ENGy0103----ba 101 $aeng 102 $aNL 110 $aayyzz--|||| 200 1 $aPhysica. B+C$elow temperature and solid state physics. Atomic molecular and plasma, physics optics 207 1$aA.1, n.(1975)- 210 $aAmsterdam$cNorth-Holland$d1975-1988 215 $av.$cill.$d27 cm 300 $aSi scinde in: Physica. B, Condensed matter e in: Physica C, Superconductivity 326 $aIrregolare 430 1$1001000348532$12001$aPhysica 676 $a530.5 801 0$aIT$bsalbc$gISBD 912 $a990000336510203316 958 $aSCI$bPER IV$c1975-1988.$l1976; 959 $aSE 979 $aPATTY$b90$c20010207$lUSA01$h1204 979 $c20020403$lUSA01$h1641 979 $aPATRY$b90$c20040406$lUSA01$h1623 979 $aMANCUSO$b90$c20110118$lUSA01$h1351 979 $aMANCUSO$b90$c20110127$lUSA01$h1518 996 $aPhysica B+C$9789542 997 $aUNISA LEADER 01111nam0-22003251i-450- 001 990007072000403321 005 20061019122451.0 010 $a88-464-2962-1 035 $a000707200 035 $aFED01000707200 035 $a(Aleph)000707200FED01 035 $a000707200 100 $a20020412d2001----km-y0itay50------ba 101 0 $aita 105 $ay-------001yy 200 1 $aMinoranze religiose e diritti$epercorsi in cento anni di storia degli ebrei e dei valdesi$e(1848-1948)$fa cura di Alberto Cavaglion 210 $aMilano$cConsiglio Regionale del Piemonte$cAngeli$dc2001 215 $a185 p.$d23 cm 225 1 $aCollana dell'Istituto piemontese per la storia della Resistenza e della società contemporanea$iStudi e documenti$v12 610 0 $aValdesi - Piemonte - 1848-1948 610 0 $aEbrei - Piemonte - 1848-1948 676 $a284.4$v21$zita 702 1$aCavaglion,$bAlberto 801 0$aIT$bUNINA$gRICA$2UNIMARC 901 $aBK 912 $a990007072000403321 952 $a284.4 CAV 1$fFLFBC 959 $aFLFBC 996 $aMinoranze religiose e diritti$9705800 997 $aUNINA